| 000 | 00658nam a22001937a 4500 | ||
|---|---|---|---|
| 003 | OSt | ||
| 005 | 20260122084718.0 | ||
| 008 | 260122b |||||||| |||| 00| 0 eng d | ||
| 020 | _a0-07-286803-1. | ||
| 040 |
_aDWCL-Main lib _cOC |
||
| 082 |
_27th edition _aGR. 320.473 P318a 2005 |
||
| 100 | _aPatterson, Thomas E. | ||
| 245 |
_aThe American Democracy _cPatterson, Thomas E. |
||
| 260 |
_aN. Y. : _bMcGraw-Hill, _cc2005. |
||
| 300 |
_axxxi (various paging) : _bcolored illustration ; _c26 cm. |
||
| 504 | _aIncludes bibliographical references and index. | ||
| 650 | _21. United States-Politics and government-Textbooks. | ||
| 942 |
_2ddc _cGR _e7th ed. _kGR. _n0 |
||
| 999 |
_c7727 _d7727 |
||